| 000 | 00904nam a22002177a 4500 | ||
|---|---|---|---|
| 001 | 0002358 | ||
| 003 | DO-SdBNP | ||
| 005 | 20180222125231.0 | ||
| 007 | 0002358 | ||
| 008 | 160309b 2000 xxu||||| |||| 00| 0 spa d | ||
| 020 | _a0787256501 | ||
| 040 |
_aBPMSU _bspa _cBPMSU |
||
| 092 |
_axxxx _bxxxx |
||
| 245 | 1 | 0 |
_aMath trailblazers : _bun viaje matemático usando la ciencia y las artes del lenguaje : libro de aventuras, 3er. grado / |
| 260 |
_aDubuque, Iowa : _bKendall/Hunt, _c2000 |
||
| 300 |
_aix, 327 p. : _bil. ; _c28 cm. |
||
| 500 | _a"Un programa TIMS de la University of Illinois at Chicago." "El presente material está basado en trabajos apoyados por la National Science Foundation bajo la subvención no. MDR 9050226 y por la University of Illinois at Chicago."--Title page verso. | ||
| 942 |
_2ddc _cBK |
||
| 945 | _aInventariado, 2018/MFF | ||
| 956 |
_2LOPEREZ _310 _6BPMSU _82016 _a00041 |
||
| 999 |
_c9166 _d9166 |
||